000 01047nac a22003017a 4500
001 BR0804237
003 BR-BrBNA
005 20240105123610.0
008 230509b bl.|||m| |||| 00| 0 por d
040 _aBR-BrBNA
_bpor
_cBiblioteca Nacional de Agricultura
072 _aH10
090 _a0180 BR0804237
100 1 _aPereira, P.R.V. da S.
100 1 _aSalvadori, J.R.
110 1 _aEMBRAPA Trigo, Passo Fundo, RS (Brasil)
_93754
245 1 _aIdentificação dos principais parasitóides (Hymenoptera: Aphelinidae e Braconidae, Aphidiinae)envolvidos no controle biológico de pulgões (Hemiptera: Aphididae)em trigo no sul do Brasil
260 3 _aPasso Fundo, RS (Brasil):
_c2005.
300 _a8 p.
490 _aComunicado Técnico - EMBRAPA Trigo (Brazil)
_vno. 22
_xISSN 1516-5590
500 _a5 illus.; 13 ref.
650 _aTRIGO
650 _aPARASITO DE PLANTA
650 _aPULGÃO
650 _aINSETO
650 _aCONTROLE BIOLÓGICO
909 _a202312
_bLúcia Elande
_c55
_dLúcia Elande
942 _2AGRIS
_n0
_cMS
999 _c296158
_d296158